| 000 | 01286nam0a22002771 4500 | ||
|---|---|---|---|
| 001 | rc\3468331 | ||
| 005 | 20250610115820.0 | ||
| 035 | _a(NLR Aleph) 007890177 | ||
| 090 |
_a7973040 _c7973040 |
||
| 100 | _a20130115d1971 |||y0rusy50 ca | ||
| 101 | 0 | _arus | |
| 102 | _aRU | ||
| 105 | _aa z ||||| | ||
| 200 | 1 |
_aОсновные технические направления проектирования предприятий черной металлургии на 1971-1980 гг. _e[Сборник статей] _f[Гл. ред. Губерт С.В.] _gМ-во черной металлургии СССР. Гос. союз. ордена Ленина ин-т по проектированию металлург. заводов. Гипромез |
|
| 210 |
_aМосква _cБ. и. _d1971 |
||
| 215 |
_a85 с. _cил. |
||
| 225 | 1 |
_aПроектирование заводов черной металлургии _eСборник трудов _vВып. 6 |
|
| 300 | _aНа обл. только загл. серии | ||
| 333 | _aДля служебного пользования. Экз. № 149 | ||
| 702 | 1 |
_aГуберт _bС.В. _4340 |
|
| 801 | 0 |
_aRU _bNLR _gpsbo |
|
| 801 | 1 |
_aRU _bELAR _2rusmarc |
|
| 852 |
_aNLR _jП11/2658 |
||
| 852 |
_aNLR _bОСХ |
||
| 942 | _cBOOK | ||
| 980 | _aNB | ||